000 00586nam a2200205Ia 4500
003 OSt
005 20230504103829.0
008 210423s2005 xx 000 0 und d
020 _a8176487910
040 _cAL
041 _aeng
082 _a628 RAJN
100 _aRAJVAIDYA (Neelima);MARKANDEY (Dilip Kumar).
_997512
245 _aEnvironmental measurement: concepts and approach.
260 _aNew Delhi
_bA P H Publishing Corporation
_c2005
300 _axv,207
_bPB
365 _b495
_cINR
906 _aapproach. ; concepts ; Environmental ; measurement:
942 _2ddc
_cBK
999 _c163151
_d163151